000 00793cam a2200265 a 4500
999 _c8160
_d8160
001 8160
003 BD - JhCC
005 20220321134020.0
008 880808s1977 enka b 001 0 eng d
035 _a(BD - JhCC)8160
040 _aDLC
_cDLC
_dm.c
_dOCL
_dBD - JhCC
041 1 _aeng
_hrus
050 0 _aQC174.12
_b.L3513 1977
082 _a530.1/2
_bQUA 1982
245 1 0 _aQuantum mechanics /
_c S. L. Gupta ...[et. al].
250 _a3rd ed., rev. and enl. /
260 _aMeerut City :
_bJai Prkash Nath & Co.,
_c1982.
300 _a654 p. :
_bill., tables ;
_c25 cm.
490 1 _aCourse of theoretical physics.
_vvol. 3
504 _aIncludes bibliographical references and index.
650 0 _aQuantum theory.
700 _aGupta, S. L.
942 _2ddc
_cBK
_02